Statistics for Iron Man Trilogy Characters

Click here to take the quiz!

General Stats

  • This quiz has been taken 253 times
  • The average score is 17 of 28

Answer Stats

HintAnswer% Correct
The main characterIron Man
100%
Above’s real nameTony Stark
100%
Head of Stark IndustriesPepper Potts
93%
Tony’s dadHoward Stark
87%
Head of SHIELDNick Fury
87%
Air Force ColonelJames Rhodes
83%
Head of securityHappy Hogan
80%
Above’s real nameNatasha Romanoff
80%
Helped Tony create his suitHo Yinsen
76%
Undercover SHIELD AgentBlack Widow
74%
Head of Hammer IndustriesJustin Hammer
73%
Agent of SHIELDPhil Coulson
73%
Main villain of Iron Man 2Whiplash
71%
Villain of Iron Man 3Mandarin
69%
Above’s real nameObadiah Stane
68%
Villian of Iron Man 1Iron Monger
65%
Above’s real nameIvan Vanko
63%
One of Tony’s suitsWar Machine
60%
Founded AIMAldrich Killian
58%
Boy who helped TonyHarley Keener
50%
Mandarin actorTrevor Slattery
47%
Co-created the arc reactorAnton Vanko
35%
JournalistChristine Everhart
29%
AIM scientistMaya Hansen
28%
PresidentMatthew Ellis
23%
Member of Ten RingsRaza
18%
Blown up by a microwaveEllen Brandt
15%
User of ExtremisEric Savin
13%

Score Distribution

Percentile by Number Answered

Percent of People with Each Score

Your Score History

You have not taken this quiz